00936nam a2200217 a 450000500170000000800410001704000250005804100080008304400070009109000140009811000450011224501210015726000820027830000700036065000190043071000480044971000500049794200170054799900150056495201390057920160109050216.0140115b1999 ck abo gr|||| 00| 0 spa d aCO-BoIAVHcCO-BoIAVH0 aspa ack aEAb000242 bMinisterio del Medio AmbienteaColombia,1 aNuestro páramo:bproceso de concertación para la zonificación ambiental de los macizos de Mamapacha y Bijagual aTunja :bMinisterio del Medio Ambiente :bCORPOCHIVOR :bCORPOBOYACA ,c1999. a23 páginas :bIlustraciones, mapas, fotografías;c21 x 21 cm. 6aCiclo del agua2 aCorporación Autónoma Regional de Chivor2 aCorporación Autónoma Regional de Boyacá cFolleto2ddc c4463d4463 00102ddc40708EDUAMBIENTIINV2017aVenadobVenadod2005-05-17l0oEA-00024p017862r2012-12-04 00:00:00tEj. 1w2012-12-04yFolleto